Škola chrbta U pacientov s prolapsom medzistavcových platničiek

Bibliographic Details
Main Author: Riede, P. (Author)
Format: Article
Language:Slovak
PhysicalDescription:Obr. 1, tab. 2, res. angl., nem., slov., lit. 12 zázn. v angl., nem.
Subjects:

MARC

LEADER 00000nab a2200000 a 4500
001 vtls000509773
003 SK-MaSNL
005 20260304102123.0
008 250426c1994 xo 0 slo
015 |a SNBRB19rr/mm-uuuuu 
035 |a CL0509911 
035 |a urn:nbn:sk:snk-ab7fsu 
035 |a (urnnbn)urn:nbn:sk:snk:ar-005dvk 
035 |a (uuid)9a702d6a-dd16-4629-b6e5-585967bc3a66 
040 |a SNKBUCL  |b slo  |c SNKBUCL  |e AACR2 
041 0 |a slo 
044 |a xo  |c SK 
080 |a 616.721.1:615.825  |2 1981 
080 |a 615.825  |2 1981 
100 1 |a Riede, P.  |4 aut  |9 1398554 
245 1 0 |a Škola chrbta  |b U pacientov s prolapsom medzistavcových platničiek  |c P. Riede 
300 |b Obr. 1, tab. 2, res. angl., nem., slov., lit. 12 zázn. v angl., nem. 
650 0 7 |a medzistavcové platničky  |2 snkbucl  |9 132353 
650 0 7 |a prolaps platničiek medzistavcových  |2 snkbucl  |9 1398555 
650 0 7 |a liečebná rehabilitácia  |2 snkbucl  |9 3306 
650 0 7 |a škola chrbta  |2 snkbucl  |9 1377531 
655 7 |a články z novín a časopisov  |2 snkbucl  |9 267496 
773 0 |t Rehabilitácia  |g Roč. 27, č. 1 (1994), s. 20-23 
850 |a Slovenská národná knižnica 
852 |a Slovenská národná knižnica 
954 |a odborná, vedecká literatúra cudzojazyčná (svetová)  |2 lita 
958 |a article7 
958 |a NB 
958 |a RK 
958 |a MI 
958 |a OND 
958 |a EUIPO 
992 |a RBX 
999 |c 2844113  |d 2846043